000 00426nam a22001697a 4500
003 NUST - PNEC
005 20170116181156.0
008 160112b xxu||||| |||| 00| 0 eng d
020 _a-
040 _cLIBRARY
082 _a620 BRA
100 _915977
_aBrasunas, Anton
245 _aNace basic corrosion course : alphabetical subjet index.
_cAnton Brasunas,
260 _c1970
300 _a17-21 p.
942 _2ddc
_cBK
999 _c71235
_d71235